Good city form
Αποθηκεύτηκε σε:
| Κύριος συγγραφέας: | |
|---|---|
| Μορφή: | Βιβλίο |
| Γλώσσα: | English |
| Δημοσίευση: |
Cambridge :
The MIT Press,
1985
|
| Θέματα: | |
| Ετικέτες: |
Προσθήκη ετικέτας
Δεν υπάρχουν, Καταχωρήστε ετικέτα πρώτοι!
|
MARC
| LEADER | 00000nam a2200000 i 4500 | ||
|---|---|---|---|
| 001 | 1/93380 | ||
| 008 | 940513s1985 eng d | ||
| 020 | |a 0-262-62046-4 | ||
| 035 | |l 10008811 | ||
| 040 | |a GR-MY-UA |b gre |e aacr | ||
| 041 | 0 | |a eng | |
| 082 | 0 | |a 307.7601 | |
| 100 | 1 | |a Lynch, Kevin |d 1918- | |
| 245 | 1 | 0 | |a Good city form / |c Kevin Lynch |
| 260 | |a Cambridge : |b The MIT Press, |c 1985 | ||
| 300 | |a 514 p. |b ill. | ||
| 500 | |a Bibliography: 459-484 p. Includes index | ||
| 650 | 0 | 0 | |a City planning |x Philosophy. |
| 650 | 0 | 0 | |a Sociology, Urban. |
| 650 | 0 | 0 | |a Cities and towns |x History. |
| 852 | |a INST |b LESVOS |e 19940513 |h 307.7601 LYN |p 005100004660 |q 005100004660 |t BK |y 0 | ||
| 909 | |a Λ |b 012173 | ||